000 01873nam0a2200325 4500
001 RU\NLR\bibl\1757609
005 20250616122849.0
010 _a978-5-215-02196-5
_950
021 _aRU
_b2011-22461
_91586
035 _a(NLR Aleph) 001748437
090 _a1503550
_c1503550
100 _a20110412d2010 |||y0rusy50 ca
101 0 _arus
102 _aRU
105 _aa |||||||||
200 1 _aМетоды проектирования организационных структур управления энергетических компаний
_eучебное пособие
_eдля студентов специальности "Менеджмент организации" - 080507 специализации "Управление в энергетике"
_fЕ.Н. Кузнецова, к.э.н., доц.
_gМ-во образования и науки Рос. Федерации, Гос. образоват. учреждение высш. проф. образования "Гос. ун-т упр.", Ин-т упр. в пром-сти и энергетике
210 _aМосква
_cГУУ
_d2010
215 _a37 с.
_cил.
_d21
320 _aБиблиогр.: с. 36 (5 назв.)
606 1 _aЭнергетические предприятия
_jУчебные издания для высших учебных заведений
_xУправление
_xОрганизация
_92617972
_3RU\NLR\auth\661554532
686 _aУ30(2)57-212я73
686 _aУ30(2)57-210.3я73
700 1 _4070
_7ca
_8rus
_aКузнецова
_bЕ. Н.
_cканд. экон. наук, управление в энергетике
_gЕлена Николаевна
_9221030
_3RU\NLR\AUTH\770221086
801 0 _aRU
_bNLR
_c20110412
_gRCR
801 1 _aRU
_bNLR
_c20110412
830 _aавт. по кн.
942 _cBOOK
980 _aNB